| 000 | 01537nam0a2200301 4500 | ||
|---|---|---|---|
| 001 | RU\NLR\bibl\1804185 | ||
| 005 | 20260405221315.0 | ||
| 035 | _a(NLR Aleph) 001794838 | ||
| 090 |
_a1777253 _c1777253 |
||
| 100 | _a20110831d2008 |||y0rusy50 ca | ||
| 101 | 0 | _arus | |
| 102 | _aRU | ||
| 105 | _aa ||||||||| | ||
| 200 | 1 |
_aСегментэктомии при туберкулезе легких _eучебное пособие для врачей _fМ.К. Калеченков, В.А. Тарасов, И.В. Львов _g[Мед. акад. последиплом. образования] |
|
| 210 |
_aСанкт-Петербург _cИзд-во СПбМАПО _d2008 |
||
| 215 |
_a34, [2] с. _cил. _d21 |
||
| 320 | _aБиблиогр. в конце текста (18 назв.) | ||
| 606 | 1 |
_aТуберкулез легких _jУчебные издания для последипломного образования _xХирургическое лечение _91059898 _3RU\NLR\auth\6692779 |
|
| 686 | _aР542-59я77 | ||
| 700 | 1 |
_aКалеченков _bМ. К. _gМихаил Кузьмич _4070 |
|
| 701 | 1 |
_4070 _8rus _7ca _aТарасов _bВ. А. _cд-р мед. наук _gВиктор Алексеевич _3RU\NLR\auth\7799647 _982573 |
|
| 701 | 1 |
_4070 _8rus _7ca _aЛьвов _bИ. В. _cканд. мед. наук _gИгорь Васильевич _3RU\NLR\auth\7799649 _982575 |
|
| 801 | 0 |
_aRU _bNLR _c20110831 _gRCR |
|
| 801 | 1 |
_aRU _bNLR _c20110831 |
|
| 830 | _aавт. по базе | ||
| 942 | _cBOOK | ||
| 980 | _aNB | ||